Animaux (en anglais) - Statistiques

Statistiques générales
  • Ce quiz a été pris 951 fois
  • Le résultat moyen est 18 sur 20
Statistiques - réponses
Français Anglais % Correct
Chat Cat
99%
Chien Dog
99%
Poisson Fish
97%
Oiseau Bird
96%
Cheval Horse
96%
Poulet Chicken
94%
Souris Mouse
94%
Cochon Pig
93%
Lapin Rabbit
93%
Vache Cow
92%
Serpent Snake
92%
Ours Bear
87%
Canard Duck
86%
Singe Monkey
85%
Abeille Bee
84%
Dauphin Dolphin
81%
Requin Shark
80%
Grenouille Frog
79%
Mouton Sheep
78%
Aigle Eagle
73%
Aucun quiz correspondant
Distribution des résultats
% des personnes avec chaque résultat
Percentile par nombre de réponses
Votre historique - résultats
Vous n’avez pas pris ce quiz